Oceania Capitals (with a map) - Statistics

General Stats
  • This quiz has been taken 46 times
  • The average score is 12 of 14
Answers on the Map
Answers color-coded by a green-red scale on the quiz's map according to % correct below.
 
Answer Stats
country capital % Correct
Australia Canberra
97%
New Zealand Wellington
97%
Samoa Apia
93%
Papua New Guinea Port Moresby
93%
Fiji Suva
93%
Tonga Nuku'alofa
90%
Solomon Islands Honiara
83%
Vanuatu Port Vila
83%
Kiribati South Tarawa
80%
Tuvalu Funafuti
77%
Palau Ngerulmud
77%
Nauru Yaren
77%
Micronesia Palikir
73%
Marshall Islands Majuro
70%
No matching quizzes found
Score Distribution
Percent of People with Each Score
Percentile by Number Answered
Your Score History
You have not taken this quiz